Catholic University of Zimbabwe Library
Online Public Access Catalogue
(OPAC)

Popular Music and Society (Record no. 8977)

MARC details
000 -LEADER
fixed length control field 00423 a2200145 4500
020 ## - INTERNATIONAL STANDARD BOOK NUMBER
International Standard Book Number 8257060968
005 - DATE AND TIME OF LATEST TRANSACTION
control field 20191017172512.0
041 ## - LANGUAGE CODE
Language code of text/sound track or separate title English
084 ## - OTHER CLASSIFICATION NUMBER
Classification number NONE
100 ## - MAIN ENTRY--PERSONAL NAME
Personal name Kwaramba Dadirai.A
245 ## - TITLE STATEMENT
Title Popular Music and Society
Remainder of title : The language of Protest in Chimurenga Music; The case of Thomas Mapfumo in Zimbabwe
Medium Text
260 ## - PUBLICATION, DISTRIBUTION, ETC.
Place of publication, distribution, etc. Norway
Name of publisher, distributor, etc. University of Oslo
Date of publication, distribution, etc. 1997
650 ## - SUBJECT ADDED ENTRY--TOPICAL TERM
Topical term or geographic name entry element SOCIETY
650 ## - SUBJECT ADDED ENTRY--TOPICAL TERM
Topical term or geographic name entry element MUSIC
650 ## - SUBJECT ADDED ENTRY--TOPICAL TERM
Topical term or geographic name entry element CHIMURENGA

No items available.

OPENING HOURS

Weekdays: 0815hrs - 1800hrs
Weekends:0900hrs - 1200hrs

Closed for Mass:

Mon, Thur: 1200hrs - 1300hrs
Sunday & Public Holiday’s

CALL SUPPORT

0242-570570, 0242-570169
09200664, +263 8644140602

LOCATION

18443, Cranborne Avenue, Hatfield, Harare

Other Links


©2021 | CUZ Library